Đánh giá hiệu quả cho vay và rủi ro tín dụng hộ sản xuất tại ngân hàng nông nghiệp và phát triển nông thôn huyện Cái Bè : Luận văn tốt nghiệp Đại học

"Đánh giá hiệu quả cho vay và rủi ro tín dụng (RRTD) hộ sản xuất tại NHNo&PTNT huyện Cái Bè" được thực hiện nhằm tìm hiểu, đánh giá hiệu quả cho vay, thực trạng RRTD hộ sản xuất, các nguyên nhân làm phát sinh RRTD hộ sản xuất. Dựa...

وصف كامل

محفوظ في:
التفاصيل البيبلوغرافية
المؤلف الرئيسي: Trần, Quốc Thái
التنسيق: كتاب
اللغة:Undetermined
منشور في: Cần Thơ Trường Đại học Cần Thơ 2008
الموضوعات:
الوسوم: إضافة وسم
لا توجد وسوم, كن أول من يضع وسما على هذه التسجيلة!
Thư viện lưu trữ: Trung tâm Học liệu Trường Đại học Cần Thơ
LEADER 01475nam a2200205Ia 4500
001 CTU_169408
008 210402s9999 xx 000 0 und d
082 |a 332.31 
082 |b Th103 
100 |a Trần, Quốc Thái 
245 0 |a Đánh giá hiệu quả cho vay và rủi ro tín dụng hộ sản xuất tại ngân hàng nông nghiệp và phát triển nông thôn huyện Cái Bè : 
245 0 |b Luận văn tốt nghiệp Đại học 
245 0 |c Trần Quốc Thái ; Dương Quế Nhu ( Giáo viên hướng dẫn) 
260 |a Cần Thơ 
260 |b Trường Đại học Cần Thơ 
260 |c 2008 
520 |a "Đánh giá hiệu quả cho vay và rủi ro tín dụng (RRTD) hộ sản xuất tại NHNo&PTNT huyện Cái Bè" được thực hiện nhằm tìm hiểu, đánh giá hiệu quả cho vay, thực trạng RRTD hộ sản xuất, các nguyên nhân làm phát sinh RRTD hộ sản xuất. Dựa trên những nguyên nhân đó mà đưa ra các biện pháp phòng ngừa nhằm giảm thiệt hại hay nâng cao hiệu quả hoạt động kinh doanh. 
650 |a Agricultural credit,Banks and banking,Tín dụng nông nghiệp,Ngân hàng và nghiệp vụ ngân hàng 
904 |i Nguyễn Thị Mỹ Trân, Năm 
980 |a Trung tâm Học liệu Trường Đại học Cần Thơ